Positive principle today: How to renew and sustain the power of positive thinking (Record no. 33471)

MARC details
000 -LEADER
fixed length control field 00330nam a2200109Ia 4500
082 ## - DEWEY DECIMAL CLASSIFICATION NUMBER
Classification number 159.9
Item number PEA
100 ## - MAIN ENTRY--AUTHOR NAME
Personal name Peale, Norman Vincent
245 #0 - TITLE STATEMENT
Title Positive principle today: How to renew and sustain the power of positive thinking
260 ## - PUBLICATION, DISTRIBUTION, ETC. (IMPRINT)
Place of publication New York
Name of publisher Fawcett
Year of publication 1976
942 ## - ADDED ENTRY ELEMENTS (KOHA)
Koha item type Books
Holdings
Withdrawn status Lost status Damaged status Not for loan Home library Current library Date acquired Cost, normal purchase price Full call number Accession Number Koha item type
        RRII Library RRII Library 16/12/2021 1.95 159.9 PEA 13968 Books